|
|
|
|
| LEADER |
00000nam a22000007a 4500 |
| 005 |
20190321232815.0 |
| 007 |
cr|||| |||| |
| 008 |
190321s2017 es |||||s|||| 00||0 spa d |
| 020 |
|
|
|a 978-84-17310-04-2
|
| 035 |
|
|
|a 23158
|
| 040 |
|
|
|a vLex
|
| 090 |
|
|
|c 8497
|d 8497
|
| 100 |
1 |
|
|a Asquerino Lamparero, Mara̕ Još
|
| 245 |
1 |
2 |
|a El rǧimen jurd̕ico del pero̕do de prueba en el contrato de trabajo
|h [Recurso electrn̤ico] /
|c Mara̕ Jos ̌Asquerino Lamparero
|
| 256 |
|
|
|a Servicio en ln̕ea
|
| 260 |
|
|
|a Albacete:
|b Editorial Bomarzo,
|c 2017
|
| 300 |
|
|
|a 1 recurso electrn̤ico
|
| 506 |
1 |
|
|a Disponible solo en los productos indicados
|d vLex Global
|d vLex Global (Academic Edition, excluding Law Schools)
|d vLex Global (U.S. Academic Edition, Law Schools)
|d vLex Global (U.S. Academic Edition, excluding Law Schools)
|d vLex Global (Academic Edition, Law Schools)
|
| 650 |
0 |
4 |
|a Estatuto de los Trabajadores, Relacin̤ Laboral
|z Espaą
|
| 740 |
0 |
|
|a vLex Libros (Servicio en ln̕ea)
|
| 856 |
4 |
0 |
|u http://vlex.com/source/regimen-juridico-del-periodo-de-prueba-en-el-contrato-de-trabajo-23158
|z Acceso restringido
|
| 942 |
|
|
|c BOOK
|
| 999 |
0 |
|
|a Statute of Workers, Labor Relations
|